|
|
|
|
| LEADER |
01842nam a2200397 a 4500 |
| 001 |
EBC698916 |
| 003 |
MiAaPQ |
| 005 |
20200520144314.0 |
| 006 |
m o d | |
| 007 |
cr cn||||||||| |
| 008 |
100902s2011 dcua sb 001 0 eng d |
| 010 |
|
|
|z 2010037040
|
| 020 |
|
|
|z 9781589017573 (pbk. : alk. paper)
|
| 020 |
|
|
|a 9781589017580 (electronic bk.)
|
| 035 |
|
|
|a (MiAaPQ)EBC698916
|
| 035 |
|
|
|a (Au-PeEL)EBL698916
|
| 035 |
|
|
|a (CaPaEBR)ebr10467784
|
| 035 |
|
|
|a (OCoLC)726735454
|
| 040 |
|
|
|a MiAaPQ
|c MiAaPQ
|d MiAaPQ
|
| 043 |
|
|
|a n-us---
|
| 050 |
|
4 |
|a HJ2051
|b .J69 2011
|
| 082 |
0 |
4 |
|a 336.73
|2 22
|
| 100 |
1 |
|
|a Joyce, Philip G.,
|d 1956-
|
| 245 |
1 |
4 |
|a The Congressional Budget Office
|h [electronic resource] :
|b honest numbers, power, and policymaking /
|c Philip G. Joyce.
|
| 260 |
|
|
|a Washington, D.C. :
|b Georgetown University Press,
|c c2011.
|
| 300 |
|
|
|a xiv, 250 p. :
|b ill.
|
| 490 |
1 |
|
|a American governance and public policy series
|
| 504 |
|
|
|a Includes bibliographical references and index.
|
| 505 |
0 |
|
|a Truth, power and consequences -- Creating and sustaining CBO organizing for nonpartisan analysis -- CBO and macrobudgeting -- CBO and microbudgeting -- CBO and policy analysis -- The Clinton health plan : a case study in bringing it all together -- The Obama health care reform -- The Congressional Budget Office : an excellent skunk?.
|
| 533 |
|
|
|a Electronic reproduction. Ann Arbor, MI : ProQuest, 2015. Available via World Wide Web. Access may be limited to ProQuest affiliated libraries.
|
| 610 |
1 |
0 |
|a United States.
|b Congressional Budget Office.
|
| 650 |
|
0 |
|a Budget
|z United States.
|
| 655 |
|
4 |
|a Electronic books.
|
| 710 |
2 |
|
|a ProQuest (Firm)
|
| 830 |
|
0 |
|a American governance and public policy.
|
| 856 |
4 |
0 |
|u https://ebookcentral.proquest.com/lib/matrademy/detail.action?docID=698916
|z Click to View
|